Life of Chopin
Na minha lista:
| Autor principal: | |
|---|---|
| Formato: | Livro |
| Idioma: | inglês |
| Publicado em: |
Londres
William Reeves
1900
|
| Assuntos: | |
| Tags: |
Adicionar Tag
Sem tags, seja o primeiro a adicionar uma tag!
|
MARC
| LEADER | 00000nam a2200000 a 4500 | ||
|---|---|---|---|
| 001 | UCN1239 | ||
| 003 | CL-VaPUC | ||
| 005 | 20231023095609.0 | ||
| 008 | 010420e19000000UK |||||||||||||||||eng|d | ||
| 999 | |c 294814 |d 294812 | ||
| 040 | |c Pontificia Universidad Católica de Valparaíso | ||
| 082 | 0 | 4 | |a 927.8 |b LIS |2 21 |
| 100 | |a Liszt, Franz |e autor |9 860768 | ||
| 245 | 1 | 0 | |a Life of Chopin |
| 260 | |a Londres |b William Reeves |c 1900 | ||
| 300 | |a 240 p | ||
| 583 | |a last modification |c 20010420 00:00:00 |k Rodrigo Vera | ||
| 600 | 0 | |a Chopin, Frederic |9 306591 | |
| 650 | 7 | |a COMPOSITORES POLACOS |2 CL-VaPUC |9 456721 | |
| 650 | 0 | |a Pianistas |9 306502 | |
| 650 | 7 | |a MUSICOS POLACOS |2 CL-VaPUC |9 456722 | |
| 650 | 0 | |a Biografías |9 255210 | |
| 942 | |c BK |2 ddc | ||
| 945 | |d 20010420 00:00:00 |a crobeson | ||
| 952 | |0 0 |1 0 |4 0 |6 927_800000000000000_LIS_1900 |7 0 |8 A |9 347546 |a BIBEDU |b BIBEDU |d 2019-11-20 |i 1249711 |o 927.8 LIS 1900 |p 1249711 |r 2023-01-12 |w 2019-11-20 |y BK |k MUS | ||